000 00684nam a22002297a 4500
005 20170124110224.0
010 _aA-750921
020 _c00.00
_a0074620665
035 _aA-750921
037 _bCen Lib/Ret
040 _aDPL
_bEN
082 _a658.3
_bDAT
100 _aDatta, S K
_940458
245 _aGuide to disciplinary action /
_cby S K Datta
260 _aNew Delhi
_bTata McGraw-Hill Publishing Company
_c1994
270 _a7 West Patel Nagar
_bNew Delhi
_e110008
300 _axiv,210p.
_c24cm(Hb)
500 _aIncludes index
650 _aDiscipline
_940459
650 _aDisciplinary -- cases and process
_940460
942 _2ddc
_cEN
_h658.3
_mDAT
999 _c134334
_d134334